00723nam a2200217 i 450000100060000000300080000600500170001400800410003103500230007203500190009504000270011404100080014108200240014910000360017324501000020926000730030930000360038260000360041865000190045470000320047377235BD-RjUL20211209082940.0200204r19491906enka 000 0 eng d a(OCoLC)ocm06127186 a(BD-RjUL)77460 aCOVcCOVbengdBD-RjUL aeng 223a821.6bGOP 19491 aGoldsmith, Oliver,d1730?-1774.14aThe poetical works of Oliver Goldsmith /cedited with introduction and notes, by Austin Dobson. aLondon;aNew York :bOxford university press,c1906 [reprinted 1949] axxxvi, 278 p. :bill. ;c19 cm. aGoldsmith, Oliver, d1730?-1774 aEnglish poetry1 aDobson, Austin,d1840-1921.